Saint Petersburg (Запись № 3930436)

Подробности
000 -МАРКЕР
контрольное поле 01103nam0a2200325 4500
001 - ИДЕНТИФИКАТОР ЗАПИСИ
контрольное поле RU\NLR\b_ik\197088
005 - ИДЕНТИФИКАТОР ВЕРСИИ
контрольное поле 20260406012534.0
010 ## - МЕЖДУНАРОДНЫЙ СТАНДАРТНЫЙ НОМЕР КНИГИ (ISBN)
Номер (ISBN) 978-5-9903647-1-4
021 ## - НОМЕР ГОСУДАРСТВЕННОЙ РЕГИСТРАЦИИ
Код страны российская федерация
Номер 2012-1837
Номер Листа государственной регистраци 234и
035 ## - ДРУГИЕ СИСТЕМНЫЕ НОМЕРА
Идентификатор записи (NLR Aleph) 002269481
100 ## - ДАННЫЕ ОБЩЕЙ ОБРАБОТКИ
Данные общей обработки 20120906d2012 |||y0rusy50 ca
101 0# - ЯЗЫК РЕСУРСА
Язык текста, звукозаписи и т.д. английский
102 ## - СТРАНА ПУБЛИКАЦИИ ИЛИ ПРОИЗВОДСТВА
Страна публикации российская федерация
105 ## - ПОЛЕ КОДИРОВАННЫХ ДАННЫХ: ТЕКСТОВЫЕ МАТЕРИАЛЫ, МОНОГРАФИЧЕСКИЕ
Кодированные данные о монографическом текстовом документе a |||||||||
200 1# - ЗАГЛАВИЕ И СВЕДЕНИЯ ОБ ОТВЕТСТВЕННОСТИ
Основное заглавие Saint Petersburg
Сведения, относящиеся к заглавию [an album
Первые сведения об ответственности text by Valentina Afanasieva
Последующие сведения об ответственности ed. by Igor Troshkov]
210 ## - ПУБЛИКАЦИЯ, РАСПРОСТРАНЕНИЕ И ДР.
Место издания, распространения и т.д. [S.l.]
Имя издателя, распространителя и т. д. FreshMedia
Дата издания, распространения и т.д. 2012
215 ## - ФИЗИЧЕСКАЯ ХАРАКТЕРИСТИКА
Специфическое обозначение материала и объем 749 с.
Другие сведения о физической характеристике цв. ил.
Размеры 7
225 1# - СЕРИЯ
Основное заглавие серии CityInCube
300 ## - ОБЩИЕ ПРИМЕЧАНИЯ
Текст примечания Загл. обл.: St. Petersburg
512 1# - ЗАГЛАВИЕ ОБЛОЖКИ
Заглавие обложки St. Petersburg
541 0# - ПЕРЕВОД ЗАГЛАВИЯ, СДЕЛАННЫЙ КАТАЛОГИЗАТОРОМ
Заглавие Санкт-Петербург: альбом
Язык заглавия русский
607 ## - ГЕОГРАФИЧЕСКОЕ НАИМЕНОВАНИЕ КАК ПРЕДМЕТ
Географическое наименование Санкт-Петербург, город
Формальный подзаголовок Фотоальбомы
Системный номер авторитетной/нормативной записи 1114348
Идентификатор авторитетной/нормативной записи RU\NLR\AUTH\66440586
686 1# - ИНДЕКСЫ ДРУГИХ КЛАССИФИКАЦИЙ
Индекс Т3(2-2СПб)я6
702 #1 - ИМЯ ЛИЦА - ВТОРИЧНАЯ ОТВЕТСТВЕННОСТЬ
Код отношения Прочие
Материалы, к которым относится поле rus
Графика поля Латинская
Начальный элемент ввода Afanas'eva
Часть имени, кроме начального элемента ввода V.
Дополнения к именам, кроме дат очеркист
Расширение инициалов личного имени Valentina
Идентификатор авторитетной/нормативной записи RU\NLR\AUTH\77118046
Системный номер авторитетной/нормативной записи 100971
702 #1 - ИМЯ ЛИЦА - ВТОРИЧНАЯ ОТВЕТСТВЕННОСТЬ
Начальный элемент ввода Troškov
Часть имени, кроме начального элемента ввода I.
Расширение инициалов личного имени Igor'
Код отношения Редактор
801 #0 - ИСТОЧНИК ЗАПИСИ
Страна российская федерация
Организация NLR
Дата составления 20120906
Правила каталогизации RCR
942 ## - ДОПОЛНИТЕЛЬНЫЕ ЭЛЕМЕНТЫ ЗАПИСИ (АБИС)
Тип экземпляра АБИС Книга
980 ## - КОЛЛЕКЦИЯ
Название коллекции Национальная библиография
Экземпляры
Тип экземпляра Дата поступления Источник поступления Библиотека постоянного хранения Библиотека текущего хранения Место хранения Шифр хранения Штрих-код Статус не для выдачи
Книга 06.09.2012 Обязательный экземпляр РНБ (Московский) РНБ (Московский) Обменный фонд, иностранный   1103899  
Книга 06.09.2012 Обязательный экземпляр РНБ (Садовая) РНБ (Садовая) Фонд эстампов и фотографий иностранный Э 1103898